000 00784nam a2200241Ia 4500
003 OSt
005 20220923223503.0
006 a|||||r|||| 00| 0
007 ta
008 220922b |||||||| |||| 00| 0 hin d
024 _a217,661
037 _cTextual
040 _aARTS
_cARTS
_bhin
041 _2hin
_ahin
082 _aP152, 152J6
100 _aशर्मा, रामचन्द्र
245 0 _aआदर्श हिन्दी रचना
246 _aĀdarsha hindī rachanā
260 _aअलीगढ़
_b पी सी द्वादशश्रेणी एण्ड कम्पनी
_c1956
300 _a464i`
_ccm.
942 _hP152, 152J6
_cTEXL
_2CC
999 _c365658
_d365658